Geographical click quiz #1 - Statistics

General Stats
  • This quiz has been taken 948 times
  • The average score is 36 of 45
Answer Stats
Question Tile Select % Correct
Countries that border the Caribbean Sea Peru No
98%
Countries that border the Caribbean Sea Cuba Yes
96%
Countries with a population over 60,000,000 Gabon No
94%
Countries in the top 20 for area Russia Yes
94%
Countries whose capital city has the same name as the country (City after country name allowed (Mexico City, etc) Gambia No
92%
Countries whose capital city has the same name as the country (City after country name allowed (Mexico City, etc) Guinea No
92%
Countries with a population over 60,000,000 Japan Yes
92%
Countries in the top 20 for area Kazakhstan Yes
91%
Landlocked countries Nicaragua No
91%
Countries that border the Caribbean Sea Panama Yes
90%
Landlocked countries Central African Republic Yes
89%
Landlocked countries Chad Yes
89%
Countries with a population over 60,000,000 North Korea No
89%
Countries whose capital city has the same name as the country (City after country name allowed (Mexico City, etc) Singapore Yes
89%
Landlocked countries Guinea No
88%
Countries whose capital city has the same name as the country (City after country name allowed (Mexico City, etc) Luxembourg Yes
88%
Landlocked countries Monaco No
88%
Countries whose capital city has the same name as the country (City after country name allowed (Mexico City, etc) Panama Yes
88%
Countries whose capital city has the same name as the country (City after country name allowed (Mexico City, etc) Brunei No
87%
Countries that border the Caribbean Sea Mexico Yes
87%
Countries in the top 20 for area Philippines No
87%
Landlocked countries Bolivia Yes
86%
Countries with a population over 60,000,000 DR Congo Yes
86%
Countries in the top 20 for area Myanmar No
86%
Countries with a population over 60,000,000 Ethiopia Yes
85%
Landlocked countries Nigeria No
84%
Landlocked countries Serbia Yes
83%
Countries that border the Caribbean Sea Brazil No
82%
Countries in the top 20 for area Iran Yes
82%
Countries whose capital city has the same name as the country (City after country name allowed (Mexico City, etc) Liechtenstein No
82%
Countries whose capital city has the same name as the country (City after country name allowed (Mexico City, etc) Djibouti Yes
81%
Countries with a population over 60,000,000 Vietnam Yes
81%
Countries with a population over 60,000,000 Afghanistan No
79%
Countries with a population over 60,000,000 Canada No
79%
Countries whose capital city has the same name as the country (City after country name allowed (Mexico City, etc) Guatemala Yes
79%
Countries in the top 20 for area Madagascar No
79%
Countries that border the Caribbean Sea El Salvador No
77%
Landlocked countries Ethiopia Yes
73%
Countries in the top 20 for area Bolivia No
62%
Countries that border the Caribbean Sea France Yes
56%
Countries in the top 20 for area Peru Yes
56%
Countries with a population over 60,000,000 Tanzania Yes
54%
Countries in the top 20 for area Mali No
42%
Countries that border the Caribbean Sea United States No
35%
Countries that border the Caribbean Sea The Bahamas No
30%
No matching quizzes found
Score Distribution
Percent of People with Each Score
Percentile by Number Answered
Your Score History
You have not taken this quiz